=LDR 00000nam 2200000 4500 =001 NUTBA000000000000932 =005 20140407110152.0 =006 =007 =008 =020 ##$$a 978-797-29-3271-3 =035 ##$$a 0010-041400000000202 =082 ##$$a 650.1 =090 ##$$a 650.1$bKal m =100 ##$$a M.Kalis Purwanto =245 ##$$a Mengelola hati menggapai bisnis yang selalu untung =260 ##$$a Yogyakarta$bAndi$c2010 =300 ##$$a xiii,263 hlm$c23 cm. =500 ##$$a Bibliografi hlm.263 =650 ##$$a Bisnis =850 ##$$a NBPNMAT =990 ##$$a 21304085 =990 ##$$a 92895/BPAP-NTB/2014 =990 ##$$a 92896/BPAP-NTB/2014 =990 ##$$a 92897/BPAP-NTB/2014 =990 ##$$a 94630/BPAP-NTB/2014 =990 ##$$a 0001/BPAP-NTB/20142014 =990 ##$$a 71297129 =990 ##$$a 01201436234 =990 ##$$a 92895/BPAP-NTB/2014 =990 ##$$a 92896/BPAP-NTB/2014 =990 ##$$a 92897/BPAP-NTB/2014 =990 ##$$a 94630/BPAP-NTB/2014 =990 ##$$a 0001/BPAP-NTB/20142014